000 00588nam a2200241Ia 4500
003 OSt
005 20220924151731.0
006 a|||||r|||| 00| 0
007 ta
008 220923b |||||||| |||| 00| 0 tel d
020 _c5.00
024 _a338834
037 _cTextual
040 _aARTS
_cARTS
_btel
041 _2tel
_atel
082 _aV2:51xM89x, 35K2
100 _aNehru Jawaharlal
245 0 _aNehru upanyasalu
260 _c1962
650 _aHISTORY
942 _hV2:51xM89x, 35K2
_cTEXL
_2CC
999 _c467524
_d467524